Crónicas del Mariel /

-д хадгалсан:
Номзүйн дэлгэрэнгүй
Үндсэн зохиолч: Villaverde, Fernando, 1938- (autor)
Формат: Ном
Хэл сонгох:испани
Хэвлэсэн: Miami, EUA : Universal, 1992, c1992
Цуврал:(Caniquí)
Нөхцлүүд:
Шошгууд: Шошго нэмэх
Шошго байхгүй, Энэхүү баримтыг шошголох эхний хүн болох!

MARC

LEADER 00000nam^a2200000^a^4500
001 000154426
005 20250521000000.0
009 20260310100354.555
020 |a 0-89729-657-5 
037 |a Acervo ITESO - Biblioteca 
041 |a ESP 
082 |a 863.  |b VIL 
100 |a Villaverde, Fernando,  |d 1938-  |e (autor) 
245 1 0 |a Crónicas del Mariel /  |c F. Villaverde. 
264 4 |a Miami, EUA :  |b Universal,  |c 1992, c1992 
300 |a 201 p. 
336 |a texto  |b txt  |2 rdacontenido 
337 |a sin mediación  |b n  |2 rdamedio 
338 |a volumen  |b nc  |2 rdasoporte 
440 1 |a (Caniquí) 
545 0 |a Fernando Villaverde (La Habana, 1938) se ha desempeñado como cineasta, actor y escritor. Trabajó en París en la Universidad del Teatro de las Naciones y en Nueva York se dedicó al cine independiente y a la literatura. También fue periodista del Miami Herald. Entre sus obras están Cosas de viejos; Los labios pintados de Diderot y otros viajes algo imaginarios; Crónicas de Mariel. Obtuvo en 1980 y 1992 el Premio Letras de Oro de la Universidad de Miami. 
649 |a XX 
650 |a Novela Política -  |z Cuba 
650 |a Novela Cubana 
650 |a Literatura y Política -  |z Cuba 
650 |a Literatura Cubana -  |y Siglo XX 
650 |a Exilio Cubano en Miami, EUA 
650 |a Exilio Cubano en EUA 
650 |a Política -  |z Cuba -  |x Historia -  |y Exodo de Mariel, 1980 -  |x Tema Principal 
650 |a Política -  |z Cuba -  |x Historia -  |y 1959-1990 
650 |a Política -  |z Cuba -  |x Historia -  |y 1959-2006 
650 |a Política -  |z Cuba -  |x Historia -  |y Siglo XX 
650 |a Cuba -  |x Historia -  |y Exodo de Mariel, 1980 
650 |a Cuba -  |x Historia -  |y 1959-1990 
650 |a Cuba -  |x Historia -  |y 1959-2006 
650 |a Cuba -  |x Historia -  |y Siglo XXI 
910 |a Fondo General 
920 |a Impresos - Libros 
930 |a Colección General 
940 |a Literatura 
905 |a 101 
901 |a 0500085890  |b IT1  |c LIT  |u 20250521 
902 |a https://opac.biblio.iteso.mx/vufind/Record/000154426